000 00606cam a2200169 i 4500
005 20251127120629.0
008 250721s1973 ua gr 000 0 ara d
082 1 4 _a211.9
_bا ح م.
100 1 _aبهجت، أحمد
_eمؤلف.
245 1 0 _aحيوان له تاريخ في خدمة الأنبياء /
_cاحمد بهجت.
250 _aالطبعة الاولى.
264 1 _aالقاهره :
_bالمختار الإسلامي للطباعه و النشر و التوزيع،
_c1973.
300 _a159صفحة.
650 1 7 _aالقرآن الكريم.
942 _2ddc
_cBK
999 _c16260
_d16260